00344 a2200109 4500001001000000005001700010008004100027245007600068100002000144773005300164999001700217ART_3841920260410161739.0260409a 10aLa controversia respecto al pago de la jornada reducida (art. 198, LCT)1 aSlavin, Luis P.0 tDoctrina laboralg- NÂș 348 (ago. 2014)wREV4049 c18599d18599